000
00320nam a2200157Ia 4500
100
_a
Ragi/Sangit kumar
942
_c
BK
366
_f
20
654
_a
administrative thinkers
245
_a
Administrative thinkers
260
_b
Trinity
_c
2012
082
_b
RAG
300
_a
430
546
_a
ENGLISH
999
_c
23374
_d
23374